4 escuelas experimentales norteamericanas

Saved in:
Bibliografiske detaljer
Hovedforfatter: Abad, Gonzalo (Author)
Format: Bog
Sprog:spansk
Udgivet: Buenos Aires Kapelusz 1958
Udgivelse:2a. ed
Serier:Biblioteca de Cultura Pedagógica
Fag:
Tags: Tilføj Tag
Ingen Tags, Vær først til at tagge denne postø!

MARC

LEADER 00000nam a2200000 a 4500
001 UCU0853
003 CL-VaPUC
008 960329e19580000AG |||||||||||||||||spa|d
082 0 4 |a 371.04  |b ABA  |2 21 
100 0 |a Abad, Gonzalo  |e author  |9 356297 
245 1 0 |a 4 escuelas experimentales norteamericanas 
250 |a 2a. ed 
300 |a 226 p 
942 |c BK 
945 |d 19960329 00:00:00  |a cmena 
260 |a Buenos Aires  |b Kapelusz  |c 1958 
650 7 |a ESCUELAS EXPERIMENTALES  |2 CL-VaPUC  |9 356298 
650 7 |a ESCUELAS EXCEPCIONALES  |2 CL-VaPUC  |9 355053 
650 0 |a Sistemas educacionales  |9 324695 
650 0 |a Curriculos  |9 343652 
650 0 |a Gestión educacional   |9 261035 
650 0 |a Educación pública  |9 309676 
650 0 |a Planificación de la educación   |9 307333 
651 0 |a Estados Unidos  |9 255178 
583 |a last modification  |c 20170829 01:16:20  |k Rodrigo Vera 
490 0 |a Biblioteca de Cultura Pedagógica 
999 |c 245636  |d 245634 
952 |0 0  |1 0  |4 0  |6 371_040000000000000_ABA_1958  |7 0  |8 P  |9 260210  |a BIBEDU  |b BIBEDU  |c BIBEDU_PB  |d 2019-11-19  |i 1635964  |o 371.04 ABA 1958  |p 1635964  |r 2024-01-25  |w 2019-11-19  |y BK  |k EDU